<?xml version="1.0" encoding="UTF-8"?>
<record
    xmlns:xsi="http://www.w3.org/2001/XMLSchema-instance"
    xsi:schemaLocation="http://www.loc.gov/MARC21/slim http://www.loc.gov/standards/marcxml/schema/MARC21slim.xsd"
    xmlns="http://www.loc.gov/MARC21/slim">

  <leader>01006nam a2200325 a 4500</leader>
  <datafield tag="999" ind1=" " ind2=" ">
    <subfield code="c">7455</subfield>
    <subfield code="d">7455</subfield>
  </datafield>
  <controlfield tag="001">991014323709706706</controlfield>
  <controlfield tag="003">OSt</controlfield>
  <controlfield tag="005">20211130123109.0</controlfield>
  <controlfield tag="008">021015s2002    sp ||||||     000 |acat  </controlfield>
  <datafield tag="015" ind1=" " ind2=" ">
    <subfield code="a">LL2002</subfield>
    <subfield code="2">bnc</subfield>
  </datafield>
  <datafield tag="017" ind1=" " ind2=" ">
    <subfield code="a">DL B. 13339-2002</subfield>
    <subfield code="b">Biblioteca de Catalunya</subfield>
  </datafield>
  <datafield tag="020" ind1=" " ind2=" ">
    <subfield code="a">8427310498</subfield>
  </datafield>
  <datafield tag="035" ind1=" " ind2=" ">
    <subfield code="a">(ES-BaCBU)b28512819-34csuc_network</subfield>
  </datafield>
  <datafield tag="035" ind1=" " ind2=" ">
    <subfield code="a">(ES-BaCBU).b28512819</subfield>
  </datafield>
  <datafield tag="035" ind1=" " ind2=" ">
    <subfield code="a">(ccuc001)b28512819</subfield>
  </datafield>
  <datafield tag="035" ind1=" " ind2=" ">
    <subfield code="a">(OCoLC)807675736</subfield>
  </datafield>
  <datafield tag="040" ind1=" " ind2=" ">
    <subfield code="a">ES-BaBC</subfield>
    <subfield code="b">cat</subfield>
    <subfield code="c">ES-BaBC</subfield>
    <subfield code="d">CDMR</subfield>
  </datafield>
  <datafield tag="080" ind1=" " ind2=" ">
    <subfield code="a">929Serra, Antoni</subfield>
  </datafield>
  <datafield tag="100" ind1="1" ind2=" ">
    <subfield code="a">Serra, Antoni,</subfield>
  </datafield>
  <datafield tag="245" ind1="1" ind2="0">
    <subfield code="a">No hi ha quart poder :</subfield>
    <subfield code="b">mem&#xF2;ries period&#xED;stiques del meu temps de gl&#xF2;ria /</subfield>
    <subfield code="c">Antoni Serra</subfield>
  </datafield>
  <datafield tag="260" ind1=" " ind2=" ">
    <subfield code="a">Mallorca :</subfield>
    <subfield code="b">Moll,</subfield>
    <subfield code="c">2002</subfield>
  </datafield>
  <datafield tag="300" ind1=" " ind2=" ">
    <subfield code="a">222 p. ;</subfield>
    <subfield code="c">22 cm</subfield>
  </datafield>
  <datafield tag="490" ind1="1" ind2=" ">
    <subfield code="a">Tomir ;</subfield>
    <subfield code="v">49</subfield>
  </datafield>
  <datafield tag="600" ind1="1" ind2="7">
    <subfield code="a">Serra, Antoni,</subfield>
    <subfield code="2">lemac</subfield>
  </datafield>
  <datafield tag="830" ind1=" " ind2="0">
    <subfield code="a">Tomir ;</subfield>
    <subfield code="v">49</subfield>
  </datafield>
  <datafield tag="907" ind1=" " ind2=" ">
    <subfield code="a">.b28512819</subfield>
    <subfield code="b">21-06-21</subfield>
    <subfield code="c">08-05-08</subfield>
    <subfield code="d">07-05-08</subfield>
    <subfield code="e">m</subfield>
    <subfield code="f">a</subfield>
    <subfield code="g">-</subfield>
    <subfield code="h">cat</subfield>
    <subfield code="i">sp</subfield>
    <subfield code="j">0</subfield>
    <subfield code="k">4</subfield>
  </datafield>
  <datafield tag="908" ind1=" " ind2=" ">
    <subfield code="a">BMON</subfield>
    <subfield code="a">BC</subfield>
    <subfield code="a">UAB</subfield>
    <subfield code="a">UPF</subfield>
    <subfield code="a">UVic-UCC</subfield>
    <subfield code="a">UB</subfield>
  </datafield>
  <datafield tag="940" ind1=" " ind2=" ">
    <subfield code="a">BC</subfield>
  </datafield>
  <datafield tag="942" ind1=" " ind2=" ">
    <subfield code="2">udc</subfield>
    <subfield code="c">MON</subfield>
  </datafield>
  <datafield tag="952" ind1=" " ind2=" ">
    <subfield code="0">0</subfield>
    <subfield code="1">0</subfield>
    <subfield code="4">0</subfield>
    <subfield code="7">0</subfield>
    <subfield code="a">CDMR</subfield>
    <subfield code="b">CDMR</subfield>
    <subfield code="d">2021-11-30</subfield>
    <subfield code="e">Donaci&#xF3;</subfield>
    <subfield code="g">12.00</subfield>
    <subfield code="l">0</subfield>
    <subfield code="o">Du 1/182</subfield>
    <subfield code="p">CDMR21110071</subfield>
    <subfield code="r">2021-11-30</subfield>
    <subfield code="w">2021-11-30</subfield>
    <subfield code="y">MON</subfield>
  </datafield>
</record>
